000 00493nam a2200181Ia 4500
001 3492
005 20260306145647.0
008 260306t1996||||xx |||||||||||||| ||spa||
041 _aESP
082 _a280
_bS21
100 _aSánchez Rojas, Gustavo
_eAUT
245 0 _aJesucristo reconciliador:
_bla reconciliación por Jesucristo en la Ciudad de Dios de San Agustín
260 _c1996
300 _a192 páginas :
_c20 cm.
650 _aGEN
654 _aCHU
942 _cLIB
_dJUS
_fJUS
_2ddc
_n
999 _c3492
_d3492